000 00369 a2200157 4500
001 150872
040 _cEscola São Tomás de Aquino
100 _aMARQUES, Francisco
240 1 0 _aMil vidas eu daria pela liberdade
_lpor
245 1 0 _aMil vidas eu daria pela liberdade
300 _a20
362 0 _a1995
440 1 _aMazza
697 _aPsicologia
942 _cBK
999 _c150872
_d150872